000 00732cam a2200265 4500
001 46182
010 _a9728683030
021 _b178017/02
090 _a46182
100 _a20020827d2002 ma y0pory5003 ba
101 1 _apor
102 _aPT
200 1 _aQuero falar-te dos meus sentimentos
_fMamoru Itoh
_gil. Hiromi Isogawa
_gtrad. Gabriela Morais
205 _a2.ª ed.
210 9 _aPero Pinheiro
_cEntre Letras,
_d2002
215 _a76 p.
_cil.
_d16 cm
304 _aTít. orig.: I want to tell you about my feelings
675 _a159.9
675 _a087.5
675 _a821.521-84"20"
700 1 _aItoh,
_bMamoru
702 1 _aIsogawa,
_bHiromi
_4440
702 1 _aMorais,
_bGabriela,
_f1942-
_4730
801 _aPT
_gRPC
990 _cLIVROS